Opera Lirica: trova il compositore - Statistics

Statistiche generali
  • Questo quiz è stato fatto 244 volte
  • Il punteggio medio è 10 su 23
Statistiche sulle risposte
Opera Compositore % Corretto
Aida, Rigoletto, La traviata Giuseppe Verdi
97%
Tosca, Turandot, La bohème Giacomo Puccini
92%
Così fan tutte, Don Giovanni, Il flauto magico Wolfgang Amadeus Mozart
92%
Il barbiere di Siviglia, Guglielmo Tell, La gazza ladra Gioachino Rossini
87%
Carmen, I pescatori di perle Georges Bizet
73%
Lohengrin, Tristan und Isolde, Götterdämmerung Richard Wagner
65%
I puritani, Norma, La sonnambula Vincenzo Bellini
64%
Fidelio Ludwig van Beethoven
60%
L'elisir d'amore, Lucia di Lammermoor, Don Pasquale Gaetano Donizetti
58%
Cavalleria Rusticana, Iris, L'amico Fritz Pietro Mascagni
58%
Pagliacci, Zazà Ruggero Leoncavallo
43%
Serse, Giulio Cesare, Partenope Georg Friedrich Händel
25%
Salomè, Elektra, Il cavaliere della rosa Richard Strauss
23%
La Gioconda, I Lituani Amilcare Ponchielli
19%
Les Contes d'Hoffmann Jacques Offenbach
19%
Pelléas et Mélisande Claude Debussy
18%
Orfeo ed Euridice, Ifigenia in Aulide Christoph Willibald Gluck
16%
Faust, Roméo et Juliette Charles Gounod
14%
Evgenij Onegin, La dama di picche Pëtr Il'ič Čajkovskij
14%
Il matrimonio segreto Domenico Cimarosa
13%
Mefistofele, Nerone Arrigo Boito
12%
Peter Grimes Benjamin Britten
9%
Werther, Manon, Don Quichotte Jules Massenet
9%
Nessun quiz corrispondente trovato
Distribuzione punteggi
Percentuale di utenti per punteggio
Percentile per numero di risposta
I tuoi punteggi nel tempo
Non hai fatto questo quiz